00483 2200157 4500001002100000005001500021035002000036245004500056100001800101250001200119300003000131856001900161260006900180082001600249650006000265INLIS00000000000012020250710125216 a0010-07250001201 aEmma Membuat Kue Kering /cJulia Shipman0 aShipman,Julia aPertama a20hlm. :bilus. ;c22,9cm aTBM AS-SYUHADA aJakarta Timur :bBadan Pengembangan dan Pembinaan Bahasa,c20222 a398.209 598 4acerita anak indonesia-terjemahan, literasi bahan bacaan